000 00807nab a2200241 u 4500
001 13628
003 HDC
007 cr bn ---aaaaa
008 210213c 0330my dr|nes 0 |0eng
040 _aHDC
245 0 _aPenyerahan Sertifikat Sistem Jaminan Halal McDonalds Indonesia
260 _a[no place] :
_b[publisher not identified],
_c[no year]
336 _atext
_2rdacontent
337 _acomputer
_2rdamedia
338 _aonline resource
_2rdacarrier
650 _aFast food restaurant
_99924
650 _aHalal certificate
_9482
710 _aYukmakan.com
856 _zRequest full-text at [email protected]
942 _2lcc
942 _cNEWS
942 _kNWSO 002906
999 _c10944
_d10944